Revue sociálno-ekonomického rozvoja vedecký recenzovaný on-line časopis

Gespeichert in:
Bibliographische Detailangaben
Format: Schriftenreihe
Sprache:Slowakisch
Veröffentlicht: Bratislava Katedra sociálneho rozvoja a práce NHF EU 2020
Tags: Tag hinzufügen
Keine Tags, Fügen Sie das erste Tag hinzu!

MARC

LEADER 00000nas2a2200000 4500
001 0273373
005 20210430114058.5
022 |a 2453-6148 
041 0 |a slo 
044 |a SK 
245 1 0 |a Revue sociálno-ekonomického rozvoja  |b vedecký recenzovaný on-line časopis 
264 1 |a Bratislava  |b Katedra sociálneho rozvoja a práce NHF EU  |c 2020 
773 0 |w eu_un_cat*0206241